000 01269nam a2200325Ia 4500
001 ebr10135443
003 CaPaEBR
006 m u
007 cr cn|||||||||
008 041028s2005 nyuac sb 001 0 eng d
010 _z 2004062149
020 _z1403979103
020 _z1403968373
020 _z1403968381 (pbk.)
040 _aCaPaEBR
_cCaPaEBR
035 _a(OCoLC)560462167
050 1 4 _aLB1811
_b.O47 2005eb
100 1 _aOgren, Christine A.
245 1 4 _aThe American state normal school
_h[electronic resource] :
_ban instrument of great good /
_cChristine A. Ogren.
250 _a1st ed.
260 _aNew York :
_bPalgrave Macmillian,
_c2005.
300 _ax, 310 p. :
_bill., ports.
504 _aIncludes bibliographical references and index.
533 _aElectronic reproduction.
_bPalo Alto, Calif. :
_cebrary,
_d2009.
_nAvailable via World Wide Web.
_nAccess may be limited to ebrary affiliated libraries.
650 0 _aTeachers colleges
_zUnited States
_xHistory.
650 0 _aEducational change
_zUnited States
_xHistory.
655 7 _aElectronic books.
_2local
710 2 _aebrary, Inc.
856 4 0 _uhttp://site.ebrary.com/lib/rucke/Doc?id=10135443
_zAn electronic book accessible through the World Wide Web; click to view
999 _c187601
_d187601